000 00915nam a2200301Ia 4500
001 67781
003 IT-RoPAU
008 130308s9999 xx 000 0 und d
040 _aIT-RoPAU
040 _cIT-RoPAU
041 _aITALIANO
100 _aBartolucci Giuseppe
100 _gCodice Aut. SPICS: 9511
245 _aTeatro revival immagine
245 _bRevival (Il)
250 _a1a ed.
260 _aMILANO
260 _bMazzotta
260 _c1974 [1° Ed.:1974 - Ed.Ling.Originale:1974]
300 _a"22 p. (prefazione: no ; testo: 22 [pagine: 353-374])"
500 _aImmagine Sonorità di Bob Wilson immagine Nevrotizzata di Richard Foreman immagine Intermezzo del Bread And Puppet immagine Danza immagine Secondo la Scuola Romana
650 _aTEORIA/LINGUAGGI DI ICONOLOGIA
650 _eCodice materia Spics: 5153
942 _cBK
957 _71
999 _c47714
_d47714
999 _bSI
999 _g1